К расчёту параметров трансформатора Тесла; Энергетика: экология, надежность, безопасность; Т. 1

מידע ביבליוגרפי
Parent link:Энергетика: экология, надежность, безопасность: материалы докладов седьмой Всероссийской научно-технической конференции, Томск, 5-7 декабря 2001 г./ Томский политехнический университет; Российский фонд фундаментальных исследований и др..— , 2001-
Т. 1.— 2001.— С. 61-64
מחברים אחרים: Носов Г. В. Геннадий Васильевич, Усов Ю. П. Юрий Петрович, Колчанова В. А. Вероника Андреевна, Петров А. В. Александр Васильевич
שפה:רוסית
יצא לאור: 2001
נושאים:
פורמט: MixedMaterials Book Chapter
KOHA link:https://koha.lib.tpu.ru/cgi-bin/koha/opac-detail.pl?biblionumber=81557

MARC

LEADER 00000naa2a2200000 4500
001 81557
005 20240226111055.0
035 |a (RuTPU)RU\TPU\book\87664 
090 |a 81557 
100 |a 20050921d2001 k y0rusy50 ca 
101 0 |a rus 
102 |a RU 
200 1 |a К расчёту параметров трансформатора Тесла  |f Г. В. Носов [и др.] 
320 |a Библиогр.: 3 назв. 
461 0 |0 (RuTPU)RU\TPU\book\73537  |t Энергетика: экология, надежность, безопасность  |o материалы докладов седьмой Всероссийской научно-технической конференции, Томск, 5-7 декабря 2001 г.  |o в 2 т.  |f Томский политехнический университет; Российский фонд фундаментальных исследований и др.  |d 2001- 
463 0 |0 (RuTPU)RU\TPU\book\73091  |t Т. 1  |v С. 61-64  |d 2001  |p 295 с. 
610 1 |a трансформатор Тесла 
610 1 |a параметры 
610 1 |a расчёты 
610 1 |a методики расчёта 
610 1 |a труды учёных ТПУ 
701 1 |a Носов  |b Г. В.  |c специалист в области электротехники  |c доцент Томского политехнического университета, кандидат технических наук  |f 1954-  |g Геннадий Васильевич  |3 (RuTPU)RU\TPU\pers\25531  |9 11461 
701 1 |a Усов  |b Ю. П.  |c российский ученый, электротехник  |c профессор Томского политехнического университета, доктор технических наук  |f 1937-  |g Юрий Петрович  |3 (RuTPU)RU\TPU\pers\19875  |9 7812 
701 1 |a Колчанова  |b В. А.  |c специалист в области электротехники  |c доцент Томского политехнического университета, кандидат технических наук  |f 1968-  |g Вероника Андреевна  |3 (RuTPU)RU\TPU\pers\26437  |9 12141 
701 1 |a Петров  |b А. В.  |c специалист в области электротехники  |c доцент Томского политехнического университета, кандидат технических наук  |f 1939-  |g Александр Васильевич  |3 (RuTPU)RU\TPU\pers\27884  |9 12900 
801 1 |a RU  |b 63413507  |c 20050921  |g PSBO 
801 2 |a RU  |b 63413507  |c 20111209  |g RCR 
942 |c BK